Giáo trình giáo dục thể chất 1

Trình bày lý luận chung về giáo dục thể chất và thể dục thể thao; bộ môn điền kinh và kiểm tra đánh giá theo tiêu chuẩn đánh giá thể lực sinh viên của Bộ Giáo dục và Đào tạo; TM tham khảo tr.140

Salvato in:
Dettagli Bibliografici
Autore principale: Nguyễn, Đức Thành
Altri autori: Nguyễn, Văn Quận
Natura: Libro
Lingua:Undetermined
Pubblicazione: Tp. HCM Đại học Quốc gia Tp.HCM 2019
Soggetti:
Accesso online:http://lrc.tdmu.edu.vn/opac/search/detail.asp?aID=2&ID=37700
Tags: Aggiungi Tag
Nessun Tag, puoi essere il primo ad aggiungerne! !
Thư viện lưu trữ: Trung tâm Học liệu Trường Đại học Thủ Dầu Một
LEADER 01037nam a2200217Ia 4500
001 TDMU_37700
008 210410s9999 xx 000 0 und d
082 |a 420 
090 |b NG527 
100 |a Nguyễn, Đức Thành 
245 0 |a Giáo trình giáo dục thể chất 1 
245 0 |c Nguyễn Đức Thành chủ biên, Nguyễn Văn Quận 
260 |a Tp. HCM 
260 |b Đại học Quốc gia Tp.HCM 
260 |c 2019 
300 |a 140tr. 
520 |a Trình bày lý luận chung về giáo dục thể chất và thể dục thể thao; bộ môn điền kinh và kiểm tra đánh giá theo tiêu chuẩn đánh giá thể lực sinh viên của Bộ Giáo dục và Đào tạo; TM tham khảo tr.140 
650 |a Giáo dục thể chất  |v Giáo trình 
700 |a Nguyễn, Văn Quận 
856 |u http://lrc.tdmu.edu.vn/opac/search/detail.asp?aID=2&ID=37700 
980 |a Trung tâm Học liệu Trường Đại học Thủ Dầu Một